000 00380nam a2200133 i 4500
001 190309
003 ES-MaACL
005 20230906223709.0
008 201104s1880 sp |||| | spa d
110 2 _aCírculo Estenográfico Español.
_9140985
245 1 0 _aEstatutos del Círculo Estenográfico Español.
260 _aMadrid :
_b[s.n.],
_c1880.
852 _aES-MaACL
_jT-407-F-8
999 _c190309
_d190309